Quizzes
Events
Quiz Creation
Community
Videos
Private Events
Remove Ads
Sign In
Join for FREE
Feedback
Dark Mode
Quiz Categories
Sports
Geography
Music
Movies
Television
Just For Fun
Miscellaneous
History
Literature
Language
Science
Gaming
Entertainment
Religion
Holiday
For Kids
Quiz Lab
Recent
Popular Today
Quiz Kudos Today
Editor Picks
Curator Picks
Quizzes by...
Day
Popularity
Type
Ratings
Length
Year
Community
Subscriptions
Recent Discussions
Orange Saloon
Badges
Playlists
Quests
Create
Leaderboards
Showdown
Live 5
Trivia Bingo
Activity
Puzzle Library
Sporcle Events
Private Events
Virtual Trivia
Globe League
Become a Host
Pub Owners
SporcleCon
Opinionation
Our Games
Videos
Blog
Mobile Apps
Partnerships
Remove Ads and Go Orange
Feedback
Movies
Disney
Marvel Cinematic Universe
Movie Resume
Movie Titles
Oscar
Actor
Actress
Director
Pixar
Role
Movie Quotes
Movie Characters
Box Office
Nominee
Best Picture
Star Wars
James Bond
Horror Movies
Movies
Disney
Marvel Cinematic Universe
Movie Resume
Movie Titles
Oscar
Actor
Actress
Director
Pixar
Role
Movie Quotes
Movie Characters
Box Office
Nominee
Best Picture
Star Wars
James Bond
Horror Movies
Random Quiz
Search Sporcle
×
Quiz Lab
Quiz Lab
Movies
Baseball
Select answers by clicking on text or image buttons
Select answers by clicking on text or image buttons
Clickable
Best Score? Go Orange.
'The Sandlot' Characters: Post Sandlot Stats
Can you match the 'Sandlot' character to Smalls' description of what they did once they left the sandlot?
By
candyman81cb
3m
9 Questions
864 Plays
864 Plays
864 Plays
Comments
Comments
Give Quiz Kudos
Give Quiz Kudos
-
- Ratings
hide this ad
Forced Order
Answers have to be entered in order
Answers have to be entered in order
Random Order
Randomize order of answers
Randomize order of answers
Replay
Link that replays current quiz
Next Quiz
Link to next quiz in quiz playlist
You Got
0%
They Got
Avg Score
89%
Avg Friend Score
Upgrade to see
Score Distribution
Jump to the score distribution portion of the page
Score
0/9
Timer
03:00
0
Plays Today
% Correct
Benny 'The Jet' Rodriguez
95.8%
Michael 'Squints' Palledorous
95.3%
Hercules 'The Beast'
93.1%
Scotty Smalls
92.8%
Hamilton Porter
90.7%
Timmy & Tommy Timmons
87.2%
Alan 'Yeah-Yeah' McClennan
84.3%
Bertram Grover Weeks
83.6%
Kenny DeNunez
82.9%
Quiz Playlist
Details
Report
Send in Message
Add To Playlist
Clickable:
Select answers by clicking on text or image buttons
Forced Order:
Answers have to be entered in order
Random Order:
Randomize order of answers
Quiz Source
Last Updated: Feb 16, 2017
Quiz Scoreboard
CHALLENGE
Sign Up to Join the Scoreboard
Show All
Scores
Hide
Comments
May contain spoilers
Recently Published
NBA Finals Game Top Scorers (2010s)
by flibbidy
Sports
5m
Guess the 'R' Things in 3 Words
by MSUKent
Miscellaneous
3m
Actor to Badly Drawn Movie III
by MoMosMoProblems
Movies
5m
More to Explore
Quiz From the Vault
Featured Blog Post
Where Does Lost Luggage Go?
hide this ad
You Might Also Like...
Tags
Baseball Quiz
Benny
Movie Scenes
sandlot
The Sandlot
Today's Top Quizzes in Movies
Browse Movies
hide this ad
Today's Top Quizzes in Baseball
Browse Baseball
Top Contributed Quizzes in Movies
1
Pixar Reveal II
2
How Long Is the Movie Title?
3
Pixar Reveal III
4
10 Quentin Tarantino Movies in Order
5
Pixar Reveal IV
6
Adjectives in 00s Movies
7
Movie Stars Gone to the Dogs
8
Pixar Reveal V
9
Adjectives in 10s Movies
10
Adjectives in 90s Movies
Explore More
Trending Topics
Kpop
Disney
Crossword
Harry Potter
Marvel
NBA
Anime
Song
The Office
Country
Pokémon
WWE
NFL
Puzzle
Soccer
hide this ad
More By:
candyman81cb
Quiz
Plays
Rating
Category
Featured
Created
1st on the pokedex that... 1st gen
6,154
4.18
Gaming
Dec 20, 2009
Follow that Line: Remember the Titans
4,917
4.00
Movies
Dec 7, 2012
A-Z Most Championships
3,008
4.22
Sports
Nov 21, 2009
Mickey Mouse Clubhouse Roll Call
865
5.00
Television
Feb 24, 2019
'The Sandlot' Characters: Post Sandlot
864
4.57
Movies
Mar 15, 2016
Go to Creator's Profile
Score Distribution
Quiz Creator Spotlight
candyman81cb
Follow
Send a Message
Quizzes Created
-
Created Quiz Play Count
-
More By This Creator
Popular Quizzes Today
1
Find the US States - No Outlines Minefield
2
Find the US States
3
The Countries of the World
4
10 Largest US States in Order
5
Find the Countries of Europe - No Outlines Minefield
6
US States
7
Guess the 'R' Things in 3 Words
8
Actor to Badly Drawn Movie III
More Movies Quizzes
In Which MCU Movie: Spider-Man
Quiz Lab
Trending Quizzes
First Name TV: Leading Men
Match the Book to the Film II
Match the Book to the Film VI
3-Word Movies in 1 Word II
First Name TV: Leading Women Drama
Recently Updated
Women's Final Four Teams by Year
bhenderson79
Presidents Quartet II
eogle
Anything But Clue(do)
eogle
Anything But Oceanian Capitals
eogle
Anything But 7
eogle
Anything But Thing
eogle
Word Ladder: February 29
pecheneg
Song Title Questions
pecheneg
Women's NCAA Tournament #1 Seeds
pecheneg
Celebrity Mug Shots
pecheneg
Trending Topics
NBA
Harry Potter
Marvel
Disney
Kpop
Anime
Crossword
Song
Soccer
The Office
WWE
Country
Pokémon
Puzzle
NFL
Your Account Isn't Verified!
In order to create a playlist on Sporcle, you need to verify the email address you used during registration. Go to your
Sporcle Settings
to finish the process.
Report this User
Report this user for behavior that violates our
Community Guidelines
.
Details:
Send Report
Go to the Sporcle.com Mobile Site →
Comments